| 000 | 00767nam a2200217 a 4500 | ||
|---|---|---|---|
| 001 | 000047290 | ||
| 005 | 20201002053523.0 | ||
| 008 | 180426s2017 dr a r 000 0 spa d | ||
| 020 | _a9789945195286 | ||
| 040 |
_aDO-SdBNP _bspa _cBNPHU |
||
| 082 |
_axxxx _bG643L, 6to., 2017 |
||
| 100 | 1 |
_aGonzález, Mirtha _974906 |
|
| 245 | 1 | 0 |
_aLengua española 6 : _beducación primaria / _cMirtha Gonzalez, editor Jorge Zamora Mato. |
| 250 | _a2a.ed. | ||
| 260 |
_aSanto Domingo : _bSantillana, _c2017. |
||
| 300 |
_a3v. : _bil. ; _c28 cm. + _eCD-ROM |
||
| 500 | _aActualización según el nuevo diseño curricular oficial | ||
| 505 | 0 |
_gv.1. _tLibro texto _gv.2. _tCuaderno, fichas de actividades |
|
| 590 | _aInventariado, 2018/MFF | ||
| 700 | 1 |
_aZamora Mato, Jorge, _eed. _974905 |
|
| 999 |
_c46778 _d46778 |
||